| 000 | 00364nam a22001217a 4500 | ||
|---|---|---|---|
| 082 | _a200 THE | ||
| 100 |
_aAttia Bibi _970375 |
||
| 245 | _aTH-SOF-1678-Multiband Textile Perturbed Sierpinski Fractal Antenna | ||
| 260 |
_aISLAMABAD _bNUST COLLEGE OF EME _c2019 |
||
| 650 | _aMS-ELECT-83 MSTHESIS | ||
| 700 |
_aSupervisor Dr. Mojeeb Bin Ihsan _970105 |
||
| 942 | _cCF | ||
| 999 |
_c577361 _d577361 |
||